| 000 | 01038nmc a2200373 a 4500 | ||
|---|---|---|---|
| 003 | AR-BaBNM | ||
| 005 | 20251128210505.0 | ||
| 008 | 100020s1993 ||||||||||||||000 | spa|| | ||
| 020 | _a84-7509-943-2 | ||
| 040 | _cAR-BaBNM | ||
| 100 | 1 | _aSchütz, Alfred | |
| 245 | 1 | 0 |
_aLa construcción significativa del mundo social _bintroducción a la sociología comprensiva |
| 260 |
_aBarcelona _bPaidós _c1993 |
||
| 300 | 0 | _a279 p. | |
| 490 | 0 |
_aBásica _vv. 67 |
|
| 500 | 0 | _aContiene referencias bibliográficas | |
| 600 | 1 | 4 |
_aWeber, Max _d1864-1920 |
| 650 | 4 | _aSOCIOLOGIA | |
| 650 | 4 | _aACCION SOCIAL | |
| 650 | 4 | _aSUBJETIVIDAD | |
| 650 | 4 | _aHISTORIA | |
| 650 | 4 | _aCONOCIMIENTO | |
| 650 | 4 | _aVERDAD | |
| 650 | 4 | _aTEORIA DEL CONOCIMIENTO | |
| 650 | 4 | _aNATURALEZA HUMANA | |
| 650 | 4 | _aLIBERTAD | |
| 650 | 4 | _aFILOSOFIA DE LAS CIENCIAS | |
| 650 | 4 | _aCIENCIAS SOCIALES | |
| 650 | 4 | _aCAUSALIDAD | |
| 650 | 4 | _aMETODOS DE INVESTIGACION | |
| 700 | 1 |
_aMèlich, Joan-Carles _eprologuista |
|
| 942 | _cBK | ||
| 998 | _cMariana | ||
| 999 |
_c15657 _d15657 |
||